Integrated pest management for oil seeds / (Record no. 29375)

MARC details
000 -LEADER
fixed length control field 00830nam a2200229 i 4500
005 - DATE AND TIME OF LATEST TRANSACTION
control field 20090821121934.0
008 - FIXED-LENGTH DATA ELEMENTS--GENERAL INFORMATION
fixed length control field 780523r1978 paua b 001 0 eng
010 ## - LCCN (DPL NO)
LC control number ENG-94782
020 ## - INTERNATIONAL STANDARD BOOK NUMBER
Terms of availability 100.00
035 ## - SYSTEM CONTROL NUMBER
System control number EN-78315
037 ## - SOURCE OF ACQUISITION
Source of stock number/acquisition DBAD / PUB
040 ## - CATALOGING SOURCE
Original cataloging agency dpl
Language of cataloging English
082 ## - DEWEY DECIMAL CLASSIFICATION NUMBER
Classification number 632.9
100 ## - MAIN ENTRY--PERSONAL NAME
Personal name Malaikozhundan, B.
245 ## - TITLE STATEMENT
Title Integrated pest management for oil seeds /
Statement of responsibility, etc by B. Malaikozhundan
260 ## - PUBLICATION, DISTRIBUTION, ETC. (IMPRINT)
Place of publication, distribution, etc Karaikudi
Name of publisher, distributor, etc TBS Publications
Date of publication, distribution, etc 2008
270 ## - ADDRESS
Address 21, Subramaniapuram 9th Street, South Extn.
City Karaikudi
300 ## - PHYSICAL DESCRIPTION
Extent 235p.
Dimensions 22cm(pbk)
650 ## - SUBJECT ADDED ENTRY--TOPICAL TERM
Topical term or geographic name as entry element Pests
General subdivision Control
942 ## - ADDED ENTRY ELEMENTS (KOHA)
Source of classification or shelving scheme Dewey Decimal Classification
Item type English Books
Call number suffix MAL
Classification part 632.9
Holdings
Withdrawn status Lost status Source of classification or shelving scheme Damaged status Not for loan Collection code Home library Current library Date acquired Source of acquisition Cost, normal purchase price Total Checkouts Full call number Barcode Date last seen Copy number Cost, replacement price Koha item type
    Dewey Decimal Classification   Not For Loan Non-fiction D.B.Act.Division D.B.Act.Division 21/08/2009 DBAD / PUB 100.00   632.9 MAL EN-78315 21/08/2009 1 100.00 English Books

© Delhi Public Library
Hit Counter
free hit counter